Introduction to archegoniate plants: Bryophytes, pteridophytes and gymnosperms (Record no. 5328)

MARC details
000 -LEADER
fixed length control field 00506nam a2200169Ia 4500
008 - FIXED-LENGTH DATA ELEMENTS--GENERAL INFORMATION
fixed length control field 230917s9999||||xx |||||||||||||| ||und||
020 ## - ISBN
Price RS 575.00
040 ## - CATALOGING SOURCE
-- 5007947
Original cataloging agency VIVEKANANDA LIBRARY
041 ## - Language
-- English
082 ## - DDC NUMBER
Classification number 588 S77I
100 ## - MAIN ENTRY--PERSONAL NAME
Personal name Sirka, Yashwant
245 #0 - TITLE STATEMENT
Title Introduction to archegoniate plants: Bryophytes, pteridophytes and gymnosperms
260 ## - PUBLICATION, DISTRIBUTION, ETC. (IMPRINT)
Place of publication, distribution, etc New Delhi
Name of publisher, distributor, etc Academic Aspirations
Date of publication, distribution, etc 2021
300 ## - PHYSICAL DESCRIPTION
Pages viii, 328 p.
500 ## - GENERAL NOTE
General note 4511 27/01/2022 HBD22/9217 27/01/2022 Main Budget
942 ## - ADDED ENTRY ELEMENTS (KOHA)
Koha item type Books
Holdings
Withdrawn status Lost status Damaged status Not for loan Location (home branch) Sublocation or collection (holding branch) Date acquired Koha issues (times borrowed) Koha full call number Accession No. Koha date last seen Koha item type
        VIVEKANANDA LIBRARY VIVEKANANDA LIBRARY 07/03/2022 1 588 S77I 400108 27/10/2025 Books
© Designed and Maintained by Vivekananda Library, MDU Rohtak